Home Print Resources E-Books E-Journals IIMT Lecture Series Library Membership Form Book Recommendation Form Campus Tour Take AdmissionAbout Us Contact Us

HOME GARDENING (Record no. 40830)

000 -LEADER
fixed length control field 00335nam a22001577a 4500
003 - CONTROL NUMBER IDENTIFIER
control field OSt
005 - DATE AND TIME OF LATEST TRANSACTION
control field 20231109071040.0
008 - FIXED-LENGTH DATA ELEMENTS--GENERAL INFORMATION
fixed length control field 171031b xxu||||| |||| 00| 0 eng d
020 ## - INTERNATIONAL STANDARD BOOK NUMBER
International Standard Book Number 81-7164-030-3
040 ## - CATALOGING SOURCE
Transcribing agency SEROSOFT
100 ## - MAIN ENTRY--PERSONAL NAME
Personal name TRIVEDI
245 ## - TITLE STATEMENT
Title HOME GARDENING
260 ## - PUBLICATION, DISTRIBUTION, ETC.
Place of publication, distribution, etc. ICAR
300 ## - PHYSICAL DESCRIPTION
Extent 2 ED
942 ## - ADDED ENTRY ELEMENTS (KOHA)
Source of classification or shelving scheme
Koha item type Text-Book- for 7 days
Edition 2 ED
Holdings
Withdrawn status Lost status Source of classification or shelving scheme Damaged status Not for loan Home library Current library Date acquired Source of acquisition Cost, normal purchase price Total Checkouts Barcode Date last seen Date last checked out Uniform Resource Identifier Cost, replacement price Price effective from Koha item type Total Renewals
          IIMT University Central Library Meerut IIMT University Central Library Meerut 10/31/2017 BANSAL BOOKS 500.00 4 01-B-125591 09/18/2024 09/17/2024 HOME SCIENCE 500.00 10/31/2017 Book Bank  
          IIMT University Central Library Meerut IIMT University Central Library Meerut 10/31/2017 BANSAL BOOKS 500.00 4 01-B-125592 05/11/2022 03/21/2022 HOME SCIENCE 500.00 10/31/2017 Book Bank 2
IIMT, Central Library. All Rights Reserved IIMT,UNIVERSITY © 2023
Implemented and Customised by I CLOUDE EMS
You Are OPAC Visitor No
free web counter

Powered by Koha